000 00587nam a2200181Ia 4500
003 GCL
008 140319s9999 xx 000 0 ara d
040 _aGCL /
_cGCL
082 0 4 _a814.028
_bعم
100 1 _aعبدالملك مرتاض
245 1 0 _aمقامات السيوطى- دراسة /
_cعبدالملك مرتاض
300 _a204 ص
490 _aالهيئة العامة للاستعلامات
_v0
650 0 4 _aالادب العربى
650 0 4 _aالمقامات العربية
650 0 4 _aالمقامات العربية - تاريخ ونقد
942 _2ddc
_cBK
999 _c48888
_d48888